00502cam a2200145 a 4500001000800000005001700008008004100025020001500066040001800081082002000099245010600119260008800225300001900313650002400332293933620240307034315.0890810s1988 ce 000 0 eng  a955905600X aDLCcDLCdDLC00a323.4220bHUM.00aHuman rights and religions in Sri Lanka :ba commentary on the universal declaration of human rights. aColombo, Democratic Socialist Republic of Sri Lanka :bSri Lanka Foundation,c1988. axxvi, 317 p. ; 0aFreedom of religion